000 00435nam a2200181Ia 4500
005 20230320105911.0
008 131103s9999 xx 000 0 und d
040 _aLoreto College
041 _aEnglish
082 _a891.441
_bDUT
100 _aDutta, Bhabotosh
245 _aKabyabani
_cBhabotosh Dutta
260 _aKolkata
_bJigasha
_c1966
300 _a304p.
650 _aBengali Literature
850 _aLCLIB
942 _cBK
999 _c20650
_d71129